|
|
|
|
| LEADER |
00000nam0a2200000 4500 |
| 001 |
338688 |
| 005 |
20231102005054.0 |
| 035 |
|
|
|a (RuTPU)RU\TPU\book\365192
|
| 090 |
|
|
|a 338688
|
| 100 |
|
|
|a 20171130d1970 km y0rusy50 ca
|
| 101 |
0 |
|
|a rus
|
| 102 |
|
|
|a RU
|
| 105 |
|
|
|a a z 001zy
|
| 200 |
1 |
|
|a Защита от проникающей радиации ядерного взрыва
|f В. И. Кухтевич, И. В. Горячев, Л. А. Трыков
|g под ред. В. И. Кухтевича
|
| 210 |
|
|
|a Москва
|c Атомиздат
|d 1970
|
| 215 |
|
|
|a 190 с.
|c ил.
|
| 320 |
|
|
|a Библиография в конце глав
|
| 606 |
1 |
|
|a Ядерный взрыв
|2 stltpush
|3 (RuTPU)RU\TPU\subj\21769
|9 46712
|
| 610 |
1 |
|
|a ионизирующие излучения
|
| 610 |
1 |
|
|a источники
|
| 610 |
1 |
|
|a нейтроны
|
| 610 |
1 |
|
|a радиоактивные выбросы
|
| 610 |
1 |
|
|a бета-излучения
|
| 610 |
1 |
|
|a гамма-излучения
|
| 610 |
1 |
|
|a расчет
|
| 610 |
1 |
|
|a инженерные методы
|
| 610 |
1 |
|
|a наземные сооружения
|
| 610 |
1 |
|
|a защита
|
| 610 |
1 |
|
|a радиация
|
| 675 |
|
|
|a 699.88
|v 4
|
| 700 |
|
1 |
|a Кухтевич
|b В. И.
|
| 701 |
|
1 |
|a Горячев
|b И. В.
|
| 701 |
|
1 |
|a Трыков
|b Л. А.
|
| 702 |
|
1 |
|a Кухтевич
|b В. И.
|4 340
|
| 801 |
|
1 |
|a RU
|b 63413507
|c 20171130
|
| 801 |
|
2 |
|a RU
|b 63413507
|c 20220512
|g RCR
|
| 942 |
|
|
|c BK
|